Fr. Conceicao Rodrigues College of Engineering

Communication and Networking (Record no. 31824)

MARC details
000 -LEADER
fixed length control field 00338nam a2200145Ia 4500
100 ## - MAIN ENTRY--PERSONAL NAME
Personal name Jordon/ Larry/ Churchill/ B
250 ## - EDITION STATEMENT
Edition statement 5
245 ## - TITLE STATEMENT
Title Communication and Networking
260 ## - PUBLICATION, DISTRIBUTION, ETC.
Name of publisher, distributor, etc. Prentice Hall of India
Place of publication, distribution, etc. New Delhi
Date of publication, distribution, etc. 1995
300 ## - PHYSICAL DESCRIPTION
Extent 752
546 ## - LANGUAGE NOTE
Language note ENGLISH
654 ## - SUBJECT ADDED ENTRY--FACETED TOPICAL TERMS
Focus term communication systems
942 ## - ADDED ENTRY ELEMENTS (KOHA)
Koha item type BOOK
Holdings
Withdrawn status Lost status Damaged status Not for loan Collection Home library Current library Date acquired Total Checkouts Full call number Barcode Date last seen Price effective from Koha item type
        CRC Fr. Agnel's C.Rodrigues College of Engineering Fr. Agnel's C.Rodrigues College of Engineering 17/03/2023   10325 17/03/2023 17/03/2023 BOOK